<?xml version="1.0" encoding="UTF-8"?>
<record
    xmlns:xsi="http://www.w3.org/2001/XMLSchema-instance"
    xsi:schemaLocation="http://www.loc.gov/MARC21/slim http://www.loc.gov/standards/marcxml/schema/MARC21slim.xsd"
    xmlns="http://www.loc.gov/MARC21/slim">

  <leader>01427nam a22001577a 4500</leader>
  <datafield tag="999" ind1=" " ind2=" ">
    <subfield code="c">523623</subfield>
    <subfield code="d">523623</subfield>
  </datafield>
  <controlfield tag="008">230914b           ||||| |||| 00| 0 eng d</controlfield>
  <datafield tag="100" ind1=" " ind2=" ">
    <subfield code="a">Nakatani, Miho </subfield>
    <subfield code="9">43703</subfield>
  </datafield>
  <datafield tag="245" ind1=" " ind2=" ">
    <subfield code="a">How do political decision-making processes affect the acceptability of decisions: Results from a survey experiment</subfield>
  </datafield>
  <datafield tag="260" ind1=" " ind2=" ">
    <subfield code="a">International Politic al Science Review  </subfield>
  </datafield>
  <datafield tag="300" ind1=" " ind2=" ">
    <subfield code="a">44(2), Mar, 2023: p.244-261</subfield>
  </datafield>
  <datafield tag="520" ind1=" " ind2=" ">
    <subfield code="a">This study aims to identify the types of city council decision-making processes that influence public perceptions of procedural fairness and the acceptability of decisions. Using an online experimental scenario survey conducted in Japan, this study found that, given the opportunity to participate in the decision-making process and when the decision is reached through a compromise among council members, people tend to feel that the process is fair and accept the decision even when it is unfavourable to them. This result is important for the governance of many advanced countries with low economic growth rates but great public demands. Additionally, this study highlights the process preferences of the public, which has received little attention compared with research on policy preferences. &#x2013; Reproduced </subfield>
  </datafield>
  <datafield tag="650" ind1=" " ind2=" ">
    <subfield code="a">Procedural famines, Decision acceptance, Process preferences, Survey experiment. </subfield>
    <subfield code="9">40579</subfield>
  </datafield>
  <datafield tag="773" ind1=" " ind2=" ">
    <subfield code="a">International Politic al Science Review  </subfield>
  </datafield>
  <datafield tag="906" ind1=" " ind2=" ">
    <subfield code="a">DECISION- MAKING</subfield>
  </datafield>
  <datafield tag="942" ind1=" " ind2=" ">
    <subfield code="c">AR</subfield>
  </datafield>
  <datafield tag="952" ind1=" " ind2=" ">
    <subfield code="0">0</subfield>
    <subfield code="1">0</subfield>
    <subfield code="2">ddc</subfield>
    <subfield code="4">0</subfield>
    <subfield code="7">0</subfield>
    <subfield code="9">398671</subfield>
    <subfield code="a">IIPA</subfield>
    <subfield code="b">IIPA</subfield>
    <subfield code="d">2023-09-14</subfield>
    <subfield code="h">44(2), Mar, 2023: p.244-261</subfield>
    <subfield code="p">AR129528</subfield>
    <subfield code="r">2023-09-14</subfield>
    <subfield code="y">AR</subfield>
  </datafield>
</record>
